| 000 | 00524nam a22001697a 4500 | ||
|---|---|---|---|
| 005 | 20240404124135.0 | ||
| 010 | _aENG-140035 | ||
| 020 |
_a9789383657353 _c30.00 |
||
| 035 | _aEN-123567 | ||
| 037 | _bDBAD | ||
| 100 |
_aHarris, Robert A _964300 |
||
| 245 |
_aA Summary Critique of the Fact/value Dichotomy/ _cROBERT A Harris |
||
| 260 |
_aNEW DELHI _bCritical Quest _c2017 |
||
| 270 |
_a420, G-Block Phase-6 Aya Nagar _bNEW DELHI _e110047 |
||
| 300 |
_a39 P. _c21 c.m(pb) |
||
| 942 |
_2ddc _cEN _h111 _mHAR |
||
| 999 |
_c201926 _d201926 |
||